[Event "Deutsche Ländermeisterschaft 2017"]
[Site "Hannover GER"]
[Date "2017.10.03"]
[Round "6"]
[White "Flach, Helene"]
[Black "Stowicek, Yara Mathilda"]
[Result "1-0"]
[Termination "normal"]
[Board "4.7"]
[WhiteElo "1862"]
[BlackElo "1508"]
[WhiteClock "00:25:05"]
[BlackClock "00:47:54"]
[WhiteTeam "Hessen"]
[BlackTeam "Sachsen-Anhalt"]
[PlyCount "89"]
[WhiteFideId "12929735"]
[BlackFideId "16203569"]
[EventCountry "GER"]
[EventRounds "7"]
[EventType "team-swiss"]
[EventDate "2017.09.29"]

1. e4 {[%clk 1:30:57]} e5 {[%clk 1:30:56]} 2. Nf3 {[%clk 1:31:21]} Nc6 {[%clk
1:31:22]} 3. Bb5 {[%clk 1:28:26]} a6 {[%clk 1:31:31]} 4. Ba4 {[%clk 1:28:51]}
Nf6 {[%clk 1:31:43]} 5. d3 {[%clk 1:29:07]} b5 {[%clk 1:31:16]} 6. Bb3 {[%clk
1:29:27]} d6 {[%clk 1:30:50]} 7. Ng5 {[%clk 1:17:13]} d5 {[%clk 1:29:23]} 8.
exd5 {[%clk 1:17:11]} Na5 {[%clk 1:29:33]} 9. d6 {[%clk 1:16:11]} Nxb3 {[%clk
1:29:11]} 10. dxc7 {[%clk 1:15:53]} Qxc7 {[%clk 1:29:01]} 11. axb3 {[%clk
1:15:57]} Bc5 {[%clk 1:28:25]} 12. O-O {[%clk 1:13:05]} O-O {[%clk 1:28:14]}
13. Nc3 {[%clk 1:11:34]} Bb7 {[%clk 1:27:16]} 14. Qe2 {[%clk 1:09:15]} h6
{[%clk 1:24:38]} 15. Nge4 {[%clk 1:09:00]} Nxe4 {[%clk 1:19:39]} 16. dxe4
{[%clk 1:08:44]} Rad8 {[%clk 1:19:03]} 17. Rd1 {[%clk 1:04:43]} Bd4 {[%clk
1:15:26]} 18. Rd3 {[%clk 1:01:07]} Kh8 {[%clk 1:14:10]} 19. Be3 {[%clk
0:58:01]} Rd6 {[%clk 1:12:17]} 20. Bxd4 {[%clk 0:53:44]} exd4 {[%clk 1:11:46]}
21. Nd1 {[%clk 0:48:39]} Re8 {[%clk 1:10:28]} 22. f3 {[%clk 0:47:58]} Red8
{[%clk 1:08:07]} 23. Nf2 {[%clk 0:46:31]} Bc8 {[%clk 1:07:13]} 24. Rad1 {[%clk
0:44:09]} Qb6 {[%clk 1:05:49]} 25. Nh1 {[%clk 0:39:20]} g6 {[%clk 1:01:58]} 26.
Ng3 {[%clk 0:38:10]} Kg7 {[%clk 1:01:15]} 27. Qd2 {[%clk 0:35:39]} a5 {[%clk
0:56:33]} 28. Kh1 {[%clk 0:34:02]} b4 {[%clk 0:56:41]} 29. Ne2 {[%clk 0:31:30]}
Ba6 {[%clk 0:55:20]} 30. Rxd4 {[%clk 0:31:34]} Rxd4 {[%clk 0:55:02]} 31. Nxd4
{[%clk 0:32:00]} Kg8 {[%clk 0:53:28]} 32. c3 {[%clk 0:31:00]} h5 {[%clk
0:53:20]} 33. g3 {[%clk 0:29:22]} f6 {[%clk 0:49:32]} 34. Qh6 {[%clk 0:26:42]}
Kf7 {[%clk 0:48:45]} 35. Qh7+ {[%clk 0:26:52]} Ke8 {[%clk 0:48:25]} 36. Qg8+
{[%clk 0:24:49]} Ke7 {[%clk 0:47:20]} 37. Nc6+ {[%clk 0:24:46]} Qxc6 {[%clk
0:47:39]} 38. Qxd8+ {[%clk 0:25:07]} Ke6 {[%clk 0:47:28]} 39. Qd5+ {[%clk
0:24:58]} Qxd5 {[%clk 0:47:34]} 40. exd5+ {[%clk 0:25:18]} Kd6 {[%clk 0:47:44]}
41. c4 {[%clk 0:25:31]} Bc8 {[%clk 0:48:01]} 42. Ra1 {[%clk 0:24:44]} Bd7
{[%clk 0:47:57]} 43. Rxa5 {[%clk 0:24:56]} g5 {[%clk 0:47:40]} 44. Ra6+ {[%clk
0:24:47]} Ke7 {[%clk 0:47:54]} 45. Rb6 {[%clk 0:25:05]} 1-0

[Event "Deutsche Ländermeisterschaft 2017"]
[Site "Hannover GER"]
[Date "2017.10.03"]
[Round "6"]
[White "Muckle, Julius"]
[Black "Degenhard, Simon"]
[Result "1/2-1/2"]
[Termination "normal"]
[Board "5.1"]
[WhiteTitle "FM"]
[WhiteElo "2307"]
[BlackElo "2211"]
[WhiteClock "00:00:50"]
[BlackClock "00:02:22"]
[WhiteTeam "Rheinland-Pfalz"]
[BlackTeam "Württemberg"]
[PlyCount "75"]
[WhiteFideId "12942430"]
[BlackFideId "12944017"]
[EventCountry "GER"]
[EventRounds "7"]
[EventType "team-swiss"]
[EventDate "2017.09.29"]

1. d4 {[%clk 1:30:58]} Nf6 {[%clk 1:30:53]} 2. c4 {[%clk 1:31:23]} c5 {[%clk
1:31:07]} 3. d5 {[%clk 1:31:47]} b5 {[%clk 1:31:29]} 4. cxb5 {[%clk 1:32:09]}
a6 {[%clk 1:31:53]} 5. bxa6 {[%clk 1:32:33]} g6 {[%clk 1:32:13]} 6. Nc3 {[%clk
1:32:57]} Bxa6 {[%clk 1:32:37]} 7. e4 {[%clk 1:33:17]} Bxf1 {[%clk 1:33:01]} 8.
Kxf1 {[%clk 1:33:44]} d6 {[%clk 1:33:20]} 9. Nf3 {[%clk 1:34:07]} Bg7 {[%clk
1:33:42]} 10. g3 {[%clk 1:34:35]} Nbd7 {[%clk 1:34:04]} 11. Kg2 {[%clk
1:34:56]} O-O {[%clk 1:34:26]} 12. a4 {[%clk 1:35:10]} Ra6 {[%clk 1:32:40]} 13.
Qc2 {[%clk 1:33:52]} Qa8 {[%clk 1:29:04]} 14. Nb5 {[%clk 0:40:26]} Rc8 {[%clk
1:21:59]} 15. Ra3 {[%clk 0:31:58]} Nb6 {[%clk 1:05:16]} 16. Bg5 {[%clk
0:29:16]} Rxa4 {[%clk 0:57:20]} 17. Rha1 {[%clk 0:29:39]} Rxa3 {[%clk 0:57:29]}
18. Rxa3 {[%clk 0:30:07]} Qb7 {[%clk 0:54:10]} 19. Ra7 {[%clk 0:14:41]} Qb8
{[%clk 0:54:26]} 20. Rxe7 {[%clk 0:14:30]} Nbxd5 {[%clk 0:51:14]} 21. exd5
{[%clk 0:14:46]} Qxb5 {[%clk 0:50:54]} 22. Qd2 {[%clk 0:14:21]} Qa4 {[%clk
0:30:42]} 23. b3 {[%clk 0:10:01]} Qxb3 {[%clk 0:27:19]} 24. Qf4 {[%clk
0:10:08]} Qb2 {[%clk 0:22:18]} 25. Qxd6 {[%clk 0:09:26]} c4 {[%clk 0:14:30]}
26. Rxf7 {[%clk 0:08:20]} Qxf2+ {[%clk 0:13:02]} 27. Kxf2 {[%clk 0:05:42]} Ne4+
{[%clk 0:13:30]} 28. Kg2 {[%clk 0:05:06]} Nxd6 {[%clk 0:13:55]} 29. Rd7 {[%clk
0:05:33]} Ne4 {[%clk 0:13:19]} 30. Bc1 {[%clk 0:00:38]} Bf6 {[%clk 0:06:50]}
31. Nd2 {[%clk 0:00:32]} Nxd2 {[%clk 0:04:09]} 32. Bxd2 {[%clk 0:01:01]} Bb2
{[%clk 0:04:06]} 33. d6 {[%clk 0:00:57]} Be5 {[%clk 0:01:43]} 34. Bf4 {[%clk
0:00:37]} Bxf4 {[%clk 0:01:20]} 35. gxf4 {[%clk 0:01:00]} c3 {[%clk 0:01:40]}
36. Rc7 {[%clk 0:00:59]} Rd8 {[%clk 0:02:00]} 37. d7 {[%clk 0:00:48]} Kf7
{[%clk 0:02:22]} 38. Kg3 {[%clk 0:00:50]} 1/2-1/2

[Event "Deutsche Ländermeisterschaft 2017"]
[Site "Hannover GER"]
[Date "2017.10.03"]
[Round "6"]
[White "Wendler, David"]
[Black "Syrov, Arkadi"]
[Result "1/2-1/2"]
[Termination "normal"]
[Board "5.2"]
[WhiteElo "2066"]
[BlackElo "2280"]
[WhiteClock "00:01:07"]
[BlackClock "00:06:23"]
[WhiteTeam "Württemberg"]
[BlackTeam "Rheinland-Pfalz"]
[PlyCount "152"]
[WhiteFideId "12938360"]
[BlackFideId "12942448"]
[EventCountry "GER"]
[EventRounds "7"]
[EventType "team-swiss"]
[EventDate "2017.09.29"]

1. e4 {[%clk 1:30:54]} e5 {[%clk 1:30:55]} 2. Nf3 {[%clk 1:31:14]} Nc6 {[%clk
1:31:21]} 3. Bb5 {[%clk 1:31:37]} a6 {[%clk 1:31:47]} 4. Ba4 {[%clk 1:31:51]}
Nf6 {[%clk 1:32:11]} 5. d3 {[%clk 1:32:03]} b5 {[%clk 1:32:20]} 6. Bb3 {[%clk
1:32:27]} Be7 {[%clk 1:32:45]} 7. O-O {[%clk 1:32:26]} d6 {[%clk 1:33:08]} 8.
c3 {[%clk 1:32:46]} O-O {[%clk 1:33:21]} 9. Re1 {[%clk 1:29:19]} Na5 {[%clk
1:32:52]} 10. Bc2 {[%clk 1:29:07]} c5 {[%clk 1:33:06]} 11. Nbd2 {[%clk
1:27:14]} Re8 {[%clk 1:25:32]} 12. Nf1 {[%clk 1:26:50]} Bf8 {[%clk 1:24:59]}
13. Ng3 {[%clk 1:17:21]} Qc7 {[%clk 1:08:17]} 14. Bg5 {[%clk 1:14:01]} Nd7
{[%clk 1:07:38]} 15. Nf5 {[%clk 1:01:21]} h6 {[%clk 1:07:05]} 16. Bd2 {[%clk
0:59:12]} Nf6 {[%clk 1:04:11]} 17. Ne3 {[%clk 0:48:20]} Bb7 {[%clk 0:50:51]}
18. b4 {[%clk 0:44:26]} Nc6 {[%clk 0:41:13]} 19. Bb3 {[%clk 0:42:53]} c4 {[%clk
0:37:26]} 20. dxc4 {[%clk 0:40:59]} bxc4 {[%clk 0:37:44]} 21. Bxc4 {[%clk
0:35:54]} Ne7 {[%clk 0:35:05]} 22. Qb3 {[%clk 0:35:44]} Nc8 {[%clk 0:35:26]}
23. Bd5 {[%clk 0:30:43]} Nxe4 {[%clk 0:35:05]} 24. Bxb7 {[%clk 0:27:20]} Qxb7
{[%clk 0:34:19]} 25. Nd5 {[%clk 0:26:51]} Nxd2 {[%clk 0:34:26]} 26. Nxd2 {[%clk
0:27:13]} Ne7 {[%clk 0:33:54]} 27. c4 {[%clk 0:26:10]} Nxd5 {[%clk 0:26:08]}
28. cxd5 {[%clk 0:26:35]} Reb8 {[%clk 0:26:28]} 29. Rab1 {[%clk 0:20:08]} a5
{[%clk 0:26:37]} 30. a3 {[%clk 0:18:53]} axb4 {[%clk 0:26:06]} 31. axb4 {[%clk
0:19:19]} Qb5 {[%clk 0:26:10]} 32. Ne4 {[%clk 0:17:43]} Qa4 {[%clk 0:25:05]}
33. Nc3 {[%clk 0:13:17]} Qxb3 {[%clk 0:25:26]} 34. Rxb3 {[%clk 0:13:45]} Be7
{[%clk 0:24:34]} 35. g4 {[%clk 0:12:01]} g6 {[%clk 0:22:07]} 36. b5 {[%clk
0:08:41]} f5 {[%clk 0:17:57]} 37. gxf5 {[%clk 0:07:59]} gxf5 {[%clk 0:18:19]}
38. b6 {[%clk 0:05:23]} Rb7 {[%clk 0:16:33]} 39. Ne2 {[%clk 0:02:17]} Ra6
{[%clk 0:09:57]} 40. Ng3 {[%clk 0:01:09]} f4 {[%clk 0:06:58]} 41. Nf5 {[%clk
0:30:12]} Bf8 {[%clk 0:33:50]} 42. Reb1 {[%clk 0:22:44]} Kf7 {[%clk 0:33:48]}
43. Kg2 {[%clk 0:13:24]} Kf6 {[%clk 0:29:41]} 44. Nh4 {[%clk 0:13:49]} Be7
{[%clk 0:30:03]} 45. Nf3 {[%clk 0:13:59]} Bd8 {[%clk 0:30:25]} 46. Nd2 {[%clk
0:14:11]} Rbxb6 {[%clk 0:28:39]} 47. Ne4+ {[%clk 0:13:24]} Ke7 {[%clk 0:18:56]}
48. Kh3 {[%clk 0:11:28]} Rxb3+ {[%clk 0:14:46]} 49. Rxb3 {[%clk 0:11:52]} Kd7
{[%clk 0:15:08]} 50. Kg4 {[%clk 0:11:40]} Ra5 {[%clk 0:14:58]} 51. Rb7+ {[%clk
0:11:32]} Bc7 {[%clk 0:15:18]} 52. Kh5 {[%clk 0:08:00]} Rxd5 {[%clk 0:14:34]}
53. Nf6+ {[%clk 0:08:15]} Kc6 {[%clk 0:14:53]} 54. Rxc7+ {[%clk 0:08:40]} Kxc7
{[%clk 0:15:20]} 55. Nxd5+ {[%clk 0:09:01]} Kc6 {[%clk 0:15:47]} 56. Nc3 {[%clk
0:06:42]} Kc5 {[%clk 0:14:36]} 57. Kxh6 {[%clk 0:06:11]} Kc4 {[%clk 0:14:26]}
58. Nd1 {[%clk 0:05:04]} Kd3 {[%clk 0:10:57]} 59. Kg5 {[%clk 0:04:41]} Ke2
{[%clk 0:10:19]} 60. Nc3+ {[%clk 0:01:57]} Kxf2 {[%clk 0:08:50]} 61. h4 {[%clk
0:02:17]} f3 {[%clk 0:08:28]} 62. h5 {[%clk 0:01:52]} Ke1 {[%clk 0:08:44]} 63.
Ne4 {[%clk 0:01:56]} d5 {[%clk 0:09:09]} 64. Ng3 {[%clk 0:02:09]} d4 {[%clk
0:03:04]} 65. h6 {[%clk 0:01:53]} d3 {[%clk 0:03:29]} 66. h7 {[%clk 0:02:04]}
d2 {[%clk 0:03:55]} 67. h8=Q {[%clk 0:02:25]} d1=Q {[%clk 0:04:15]} 68. Qxe5+
{[%clk 0:02:20]} Kd2 {[%clk 0:04:01]} 69. Ne4+ {[%clk 0:01:11]} Kc1 {[%clk
0:03:59]} 70. Qa1+ {[%clk 0:01:21]} Kc2 {[%clk 0:04:24]} 71. Qa4+ {[%clk
0:00:51]} Kc1 {[%clk 0:04:48]} 72. Qa3+ {[%clk 0:00:46]} Kc2 {[%clk 0:05:10]}
73. Qc3+ {[%clk 0:00:50]} Kb1 {[%clk 0:05:35]} 74. Nd2+ {[%clk 0:00:46]} Ka2
{[%clk 0:06:02]} 75. Qa5+ {[%clk 0:00:55]} Kb2 {[%clk 0:06:09]} 76. Qb4+ {[%clk
0:01:07]} Kc2 {[%clk 0:06:23]} 1/2-1/2

[Event "Deutsche Ländermeisterschaft 2017"]
[Site "Hannover GER"]
[Date "2017.10.03"]
[Round "6"]
[White "Ronge, Tim Hendrik"]
[Black "Reindl, Arno"]
[Result "1/2-1/2"]
[Termination "normal"]
[Board "5.3"]
[WhiteElo "2125"]
[BlackElo "2083"]
[WhiteClock "00:38:56"]
[BlackClock "00:30:37"]
[WhiteTeam "Rheinland-Pfalz"]
[BlackTeam "Württemberg"]
[PlyCount "58"]
[WhiteFideId "12955418"]
[BlackFideId "12946729"]
[EventCountry "GER"]
[EventRounds "7"]
[EventType "team-swiss"]
[EventDate "2017.09.29"]

1. d4 {[%clk 1:30:59]} Nf6 {[%clk 1:30:41]} 2. c4 {[%clk 1:31:23]} g6 {[%clk
1:30:43]} 3. Nc3 {[%clk 1:31:43]} d5 {[%clk 1:31:02]} 4. Nf3 {[%clk 1:32:06]}
Bg7 {[%clk 1:31:19]} 5. Qb3 {[%clk 1:32:30]} dxc4 6. Qxc4 {[%clk 1:31:30]} O-O
{[%clk 1:28:09]} 7. e4 {[%clk 1:31:52]} Nc6 {[%clk 1:23:43]} 8. Be2 {[%clk
1:27:59]} e5 {[%clk 1:18:13]} 9. d5 {[%clk 1:28:05]} Nd4 {[%clk 1:18:26]} 10.
Nxd4 {[%clk 1:28:05]} exd4 {[%clk 1:18:46]} 11. Qxd4 {[%clk 1:28:19]} c6 {[%clk
1:19:02]} 12. Qc4 {[%clk 1:18:41]} b5 {[%clk 1:19:12]} 13. Qxc6 {[%clk
1:08:53]} Bd7 {[%clk 1:18:15]} 14. Qd6 {[%clk 1:08:43]} Re8 {[%clk 1:18:32]}
15. O-O {[%clk 1:07:35]} Nxe4 {[%clk 1:16:41]} 16. Nxe4 {[%clk 1:07:36]} Rxe4
{[%clk 1:16:58]} 17. Bf3 {[%clk 1:07:34]} Be5 {[%clk 1:01:25]} 18. Qa3 {[%clk
1:02:50]} Ra4 {[%clk 0:56:01]} 19. Qb3 {[%clk 0:57:59]} Qf6 {[%clk 0:54:49]}
20. Bd2 {[%clk 0:53:09]} Bxb2 {[%clk 0:48:27]} 21. Rab1 {[%clk 0:46:09]} Be5
{[%clk 0:48:45]} 22. Rfe1 {[%clk 0:44:50]} Rc8 {[%clk 0:42:32]} 23. Rbc1 {[%clk
0:42:33]} Rxc1 {[%clk 0:39:44]} 24. Rxc1 {[%clk 0:42:52]} Qd6 {[%clk 0:39:57]}
25. g3 {[%clk 0:39:05]} Ra3 {[%clk 0:36:04]} 26. Bb4 {[%clk 0:39:19]} Rxb3
{[%clk 0:36:29]} 27. Bxd6 {[%clk 0:39:45]} Rxf3 {[%clk 0:30:50]} 28. Bxe5
{[%clk 0:40:10]} Rd3 {[%clk 0:31:10]} 29. d6 {[%clk 0:38:56]} f6 {[%clk
0:30:37]} 1/2-1/2

[Event "Deutsche Ländermeisterschaft 2017"]
[Site "Hannover GER"]
[Date "2017.10.03"]
[Round "6"]
[White "Yi, Danny"]
[Black "Yankelevich, Michael"]
[Result "1/2-1/2"]
[Termination "normal"]
[Board "5.4"]
[WhiteElo "2070"]
[BlackElo "1919"]
[WhiteClock "00:07:55"]
[BlackClock "00:50:59"]
[WhiteTeam "Württemberg"]
[BlackTeam "Rheinland-Pfalz"]
[PlyCount "92"]
[WhiteFideId "12988588"]
[BlackFideId "12921440"]
[EventCountry "GER"]
[EventRounds "7"]
[EventType "team-swiss"]
[EventDate "2017.09.29"]

1. e4 {[%clk 1:30:56]} d5 {[%clk 1:30:41]} 2. exd5 {[%clk 1:31:17]} Qxd5 {[%clk
1:30:48]} 3. Nc3 {[%clk 1:31:29]} Qd6 {[%clk 1:30:21]} 4. d4 {[%clk 1:31:14]}
Nf6 {[%clk 1:30:20]} 5. Nf3 {[%clk 1:31:17]} a6 {[%clk 1:30:08]} 6. g3 {[%clk
1:31:25]} Bg4 {[%clk 1:30:02]} 7. Bg2 {[%clk 1:30:06]} Nc6 {[%clk 1:29:55]} 8.
Bf4 {[%clk 1:14:16]} Qd7 {[%clk 1:27:33]} 9. Qd3 {[%clk 1:10:42]} Bf5 {[%clk
1:25:46]} 10. Qd2 {[%clk 1:09:57]} O-O-O {[%clk 1:24:37]} 11. O-O-O {[%clk
1:09:38]} e6 {[%clk 1:24:04]} 12. a3 {[%clk 1:08:50]} Bg4 {[%clk 1:22:51]} 13.
Ne2 {[%clk 1:07:13]} Qd5 {[%clk 1:18:12]} 14. Nc3 {[%clk 1:02:35]} Qd7 {[%clk
1:14:57]} 15. Qe3 {[%clk 0:59:24]} Nd5 {[%clk 1:14:06]} 16. Nxd5 {[%clk
0:58:59]} Qxd5 {[%clk 1:14:21]} 17. Kb1 {[%clk 0:57:40]} Qb5 {[%clk 1:13:33]}
18. h3 {[%clk 0:50:03]} Bf5 {[%clk 1:13:19]} 19. g4 {[%clk 0:49:08]} Bg6 {[%clk
1:13:35]} 20. Nh4 {[%clk 0:47:39]} Na5 {[%clk 1:13:07]} 21. Qc3 {[%clk
0:46:31]} Bd6 {[%clk 1:11:18]} 22. Nxg6 {[%clk 0:44:52]} hxg6 {[%clk 1:11:37]}
23. Be3 {[%clk 0:44:13]} Nc4 {[%clk 1:07:15]} 24. Ka2 {[%clk 0:37:43]} Nxe3
{[%clk 1:07:13]} 25. Qxe3 {[%clk 0:36:18]} c6 {[%clk 1:02:03]} 26. Rd3 {[%clk
0:27:45]} Bc7 {[%clk 1:01:31]} 27. Rhd1 {[%clk 0:24:11]} Rd7 {[%clk 1:01:12]}
28. Rb3 {[%clk 0:23:13]} Qc4 {[%clk 1:01:15]} 29. Kb1 {[%clk 0:21:18]} e5
{[%clk 1:00:28]} 30. Rc3 {[%clk 0:17:12]} exd4 {[%clk 1:00:29]} 31. Rxc4 {[%clk
0:16:23]} dxe3 {[%clk 1:00:48]} 32. Rxd7 {[%clk 0:16:21]} Kxd7 {[%clk 1:01:09]}
33. Rd4+ {[%clk 0:16:15]} Bd6 {[%clk 0:55:10]} 34. fxe3 {[%clk 0:16:26]} Re8
{[%clk 0:54:42]} 35. Rd3 {[%clk 0:16:18]} Kc7 {[%clk 0:54:26]} 36. Kc1 {[%clk
0:16:04]} Bg3 {[%clk 0:54:13]} 37. Kd2 {[%clk 0:15:37]} g5 {[%clk 0:53:25]} 38.
Ke2 {[%clk 0:12:42]} Be5 {[%clk 0:52:46]} 39. b3 {[%clk 0:12:51]} g6 {[%clk
0:52:36]} 40. e4 {[%clk 0:10:59]} Re6 {[%clk 0:52:11]} 41. a4 {[%clk 0:10:01]}
Bf4 {[%clk 0:51:15]} 42. Kf3 {[%clk 0:10:01]} Rd6 {[%clk 0:51:27]} 43. Bf1
{[%clk 0:09:56]} Rf6 {[%clk 0:51:00]} 44. Kg2 {[%clk 0:09:31]} Be5 {[%clk
0:51:19]} 45. Rf3 {[%clk 0:09:06]} Bf4 {[%clk 0:51:01]} 46. Bc4 {[%clk
0:07:55]} Kd6 {[%clk 0:50:59]} 1/2-1/2

[Event "Deutsche Ländermeisterschaft 2017"]
[Site "Hannover GER"]
[Date "2017.10.03"]
[Round "6"]
[White "Musiolik, David"]
[Black "Leser, Katrin"]
[Result "1-0"]
[Termination "normal"]
[Board "5.5"]
[WhiteElo "1952"]
[BlackElo "1893"]
[WhiteClock "00:07:07"]
[BlackClock "00:06:59"]
[WhiteTeam "Rheinland-Pfalz"]
[BlackTeam "Württemberg"]
[PlyCount "55"]
[WhiteFideId "12972355"]
[BlackFideId "12997692"]
[EventCountry "GER"]
[EventRounds "7"]
[EventType "team-swiss"]
[EventDate "2017.09.29"]

1. e4 {[%clk 1:30:56]} e6 {[%clk 1:30:46]} 2. d4 {[%clk 1:31:20]} d5 {[%clk
1:31:11]} 3. e5 {[%clk 1:31:47]} c5 {[%clk 1:31:36]} 4. c3 {[%clk 1:32:13]} Nc6
{[%clk 1:31:59]} 5. Nf3 {[%clk 1:32:40]} Nge7 {[%clk 1:31:59]} 6. Na3 {[%clk
1:33:00]} Nf5 {[%clk 1:30:57]} 7. Nc2 {[%clk 1:33:21]} cxd4 {[%clk 1:30:25]} 8.
cxd4 {[%clk 1:33:38]} Be7 {[%clk 1:27:39]} 9. Bd3 {[%clk 1:32:30]} Qb6 10. O-O
{[%clk 1:29:34]} O-O {[%clk 1:20:57]} 11. b3 {[%clk 1:09:23]} Nb4 {[%clk
1:09:25]} 12. Nxb4 {[%clk 1:08:02]} Bxb4 {[%clk 1:07:33]} 13. Bb2 {[%clk
1:06:58]} Bd7 {[%clk 1:06:53]} 14. g4 {[%clk 0:56:30]} Nh6 {[%clk 1:02:34]} 15.
Qe2 {[%clk 0:54:40]} Kh8 {[%clk 0:49:28]} 16. Ng5 {[%clk 0:46:31]} g6 {[%clk
0:43:20]} 17. h4 {[%clk 0:46:03]} Be7 {[%clk 0:40:13]} 18. Kg2 {[%clk 0:32:41]}
a5 {[%clk 0:19:58]} 19. Rh1 {[%clk 0:20:39]} f5 {[%clk 0:17:20]} 20. exf6
{[%clk 0:19:31]} Bxf6 {[%clk 0:17:42]} 21. Nxh7 {[%clk 0:09:31]} Kxh7 {[%clk
0:17:02]} 22. h5 {[%clk 0:06:37]} Bxd4 {[%clk 0:15:04]} 23. hxg6+ {[%clk
0:06:32]} Kg7 {[%clk 0:11:36]} 24. Qe3 {[%clk 0:06:25]} Rxf2+ {[%clk 0:06:52]}
25. Qxf2 {[%clk 0:06:43]} e5 {[%clk 0:07:01]} 26. Bxd4 {[%clk 0:06:35]} Qxd4
{[%clk 0:06:33]} 27. Qxd4 {[%clk 0:06:54]} exd4 {[%clk 0:06:59]} 28. g5 {[%clk
0:07:07]} 1-0

[Event "Deutsche Ländermeisterschaft 2017"]
[Site "Hannover GER"]
[Date "2017.10.03"]
[Round "6"]
[White "Kobald, Jacqueline"]
[Black "Morio, Estelle"]
[Result "1-0"]
[Termination "normal"]
[Board "5.6"]
[WhiteElo "1833"]
[BlackElo "1844"]
[WhiteClock "00:03:10"]
[BlackClock "00:04:38"]
[WhiteTeam "Württemberg"]
[BlackTeam "Rheinland-Pfalz"]
[PlyCount "109"]
[WhiteFideId "12988162"]
[BlackFideId "12951951"]
[EventCountry "GER"]
[EventRounds "7"]
[EventType "team-swiss"]
[EventDate "2017.09.29"]

1. e4 {[%clk 1:30:59]} d6 {[%clk 1:30:55]} 2. d4 {[%clk 1:31:24]} Nf6 {[%clk
1:31:22]} 3. Nc3 {[%clk 1:31:48]} Nbd7 {[%clk 1:31:49]} 4. Be3 {[%clk 1:32:10]}
e5 {[%clk 1:32:14]} 5. f3 {[%clk 1:31:12]} Be7 {[%clk 1:32:25]} 6. Qd2 {[%clk
1:31:02]} c6 {[%clk 1:32:37]} 7. O-O-O {[%clk 1:27:37]} b5 {[%clk 1:30:29]} 8.
Kb1 {[%clk 1:25:28]} a5 {[%clk 1:30:00]} 9. dxe5 {[%clk 1:22:40]} dxe5 {[%clk
1:30:15]} 10. g4 {[%clk 1:18:31]} O-O {[%clk 1:29:12]} 11. h4 {[%clk 1:17:57]}
a4 {[%clk 1:28:29]} 12. h5 {[%clk 1:13:47]} b4 {[%clk 1:25:47]} 13. Nce2 {[%clk
1:13:20]} b3 {[%clk 1:21:04]} 14. a3 {[%clk 1:12:00]} Qa5 {[%clk 1:12:15]} 15.
c3 {[%clk 0:58:56]} Bc5 {[%clk 1:11:58]} 16. g5 {[%clk 0:58:45]} Bxe3 {[%clk
1:11:42]} 17. Qxe3 {[%clk 0:59:03]} Ne8 {[%clk 1:11:46]} 18. g6 {[%clk
0:53:42]} h6 {[%clk 1:10:22]} 19. gxf7+ {[%clk 0:51:40]} Rxf7 {[%clk 1:10:31]}
20. Ng3 {[%clk 0:52:06]} Qc5 {[%clk 1:08:27]} 21. Qd2 {[%clk 0:46:23]} Ndf6
{[%clk 1:07:00]} 22. Bh3 {[%clk 0:46:03]} Bxh3 {[%clk 1:06:17]} 23. Nxh3 {[%clk
0:45:57]} Rd7 {[%clk 1:06:07]} 24. Qg2 {[%clk 0:40:02]} Rad8 {[%clk 1:02:41]}
25. Qe2 {[%clk 0:37:44]} Nd6 {[%clk 0:51:27]} 26. Rd3 {[%clk 0:26:07]} Nf7
{[%clk 0:45:50]} 27. Rhd1 {[%clk 0:25:18]} Rxd3 {[%clk 0:44:40]} 28. Rxd3
{[%clk 0:24:43]} Rxd3 {[%clk 0:43:40]} 29. Qxd3 {[%clk 0:25:09]} Qd6 {[%clk
0:44:03]} 30. Nf2 {[%clk 0:22:18]} Qxd3+ {[%clk 0:40:17]} 31. Nxd3 {[%clk
0:22:47]} Nd7 {[%clk 0:40:39]} 32. Nf5 {[%clk 0:21:42]} Kf8 {[%clk 0:40:06]}
33. Kc1 {[%clk 0:21:08]} Ng5 {[%clk 0:40:00]} 34. Kd2 {[%clk 0:19:28]} Nxf3+
{[%clk 0:39:05]} 35. Ke3 {[%clk 0:19:53]} Ng5 {[%clk 0:39:17]} 36. Nd6 {[%clk
0:19:48]} Ne6 {[%clk 0:38:53]} 37. Nc4 {[%clk 0:15:49]} Ke7 {[%clk 0:22:33]}
38. Ndxe5 {[%clk 0:15:11]} Nxe5 {[%clk 0:22:43]} 39. Nxe5 {[%clk 0:15:39]} Kd6
{[%clk 0:23:04]} 40. Nf3 {[%clk 0:05:58]} Kc5 {[%clk 0:19:30]} 41. Nh4 {[%clk
0:17:11]} Kd6 {[%clk 0:33:35]} 42. Nf5+ {[%clk 0:17:10]} Ke5 {[%clk 0:22:34]}
43. Nd4 {[%clk 0:12:58]} Nd8 {[%clk 0:22:28]} 44. Nf5 {[%clk 0:13:10]} Ne6
{[%clk 0:22:23]} 45. Nd4 {[%clk 0:10:40]} Nd8 {[%clk 0:22:40]} 46. Nf3+ {[%clk
0:10:29]} Kd6 {[%clk 0:18:51]} 47. Kf4 {[%clk 0:06:28]} c5 {[%clk 0:12:13]} 48.
Kf5 {[%clk 0:06:01]} Ne6 {[%clk 0:11:20]} 49. Nd2 {[%clk 0:04:13]} Nf8 {[%clk
0:09:36]} 50. Nc4+ {[%clk 0:04:41]} Kc6 {[%clk 0:09:36]} 51. e5 {[%clk
0:03:41]} Kb5 {[%clk 0:09:36]} 52. Nd6+ {[%clk 0:04:05]} Kc6 {[%clk 0:09:55]}
53. Ne8 {[%clk 0:03:43]} Kd5 {[%clk 0:08:29]} 54. Nxg7 {[%clk 0:03:58]} Kc4
{[%clk 0:04:38]} 55. e6 {[%clk 0:03:10]} 1-0